Applied Microbiology for B.Sc Nursing (Record no. 1396)

MARC details
000 -LEADER
Fixed length control field 00493nam a2200193Ia 4500
003 - CONTROL NUMBER IDENTIFIER
Control field IIN
005 - DATE AND TIME OF LATEST TRANSACTION
Control field 20231227154039.0
008 - FIXED-LENGTH DATA ELEMENTS--GENERAL INFORMATION
Fixed length control field 231217s9999 xx 000 0 und d
020 ## - INTERNATIONAL STANDARD BOOK NUMBER / ISBN
Price Rs.595.00
International Standard Book Number 9789394792791
040 ## - CATALOGING SOURCE
Original cataloging agency IIN
Language of cataloging English
082 ## - DEWEY DECIMAL CLASSIFICATION NUMBER
Classification number 580
Book Number BAV
100 1# - MAIN ENTRY--PERSONAL NAME
Personal name Baveja, C.P.
245 1# - TITLE STATEMENT
Title Applied Microbiology for B.Sc Nursing
Statement of responsibility C. P. Baveja
250 ## - EDITION STATEMENT
Edition statement 7th ed
260 ## - IMPRINT
Name of publisher Aryan
Place of publication Sirmour
Date of publication 2023
300 ## - PHYSICAL DESCRIPTION
Page / Vol. No [6]; 3-332p.
650 ## - SUBJECT ADDED ENTRY--TOPICAL TERM
Topical term Microbiology
942 ## - ADDED ENTRY ELEMENTS (KOHA)
Koha item type Books
Holdings
Withdrawn status Lost status Damaged status Not for loan Collection code Home library Current library Date acquired Price Total Checkouts Call number Accession number Date last seen Price effective from Koha item type Source of classification Shelving location
          IDEAL INSTITUTE OF NURSING IDEAL INSTITUTE OF NURSING 17/12/2023 595.00   580 BAV 1390 17/12/2023 17/12/2023 Books    
          IDEAL INSTITUTE OF NURSING IDEAL INSTITUTE OF NURSING 17/12/2023 595.00   581 BAV 1391 17/12/2023 17/12/2023 Books    
          IDEAL INSTITUTE OF NURSING IDEAL INSTITUTE OF NURSING 17/12/2023     580 BAV 1389 27/12/2023 17/12/2023 Books Dewey Decimal Classification  
        Purches Book IDEAL INSTITUTE OF NURSING IDEAL INSTITUTE OF NURSING 11/03/2025     580 BAV 1875 09/04/2025 09/04/2025 Books Dewey Decimal Classification General Stacks
© Ideal Institute Of Nursing, All rights reserved.         Powered by Koha